Semiología del psiquismo (Registro nro. 57688)
[ vista simple ]
| 000 -ENCABEZADO | |
|---|---|
| Número de control [NR] | 01273nam a2200385Ia 4500 |
| 005 - FECHA Y HORA DE LA ÚLTIMA TRANSACCIÓN | |
| control field | 20241119101927.0 |
| 008 - DE LONGITUD FIJA DE DATOS DE ELEMENTOS - INFORMACIÓN GENERAL | |
| Elementos de longitud fija [NR] | 130821s2008 ck gr spa |
| 020 ## - NUMERO INTERNACIONAL NORMALIZADO PARA LIBROS [R] | |
| Número Internacional Normalizado del libro [NR] | 9789584439024 |
| 020 ## - NUMERO INTERNACIONAL NORMALIZADO PARA LIBROS [R] | |
| Número Internacional Normalizado del libro [NR] | 9789584952684 |
| 040 ## - FUENTE DE CATALOGACION [NR] | |
| Agencia de catalogación original [NR] | Co-BoUCM |
| Idioma de catalogación [NR] | spa |
| Quien Cataloga | David Moreno (modificó) |
| Quien Clasifica | David Moreno (modificó) |
| 041 00 - CODIGO DE IDIOMA [R] | |
| Código de idioma para texto/pista de sonido o título separado [R] | Español |
| 060 00 - SIGNATURA TOPOGRAFICA DE LA BIBLIOTECA NACIONAL DE MEDICINA (NLM) [R] | |
| Número clasificador [R] | WB 143 |
| 100 1# - ASIENTO PRINCIPAL--NOMBRE PERSONAL [NR] | |
| Nombre personal [NR] | Fierro, Marco |
| ID Autoridad | 154570 |
| 245 10 - MENCION DE TITULO [NR] | |
| Título [NR] | Semiología del psiquismo |
| Mención de responsabilidad, etc. [NR] | Marco Fierro |
| 250 ## - MENCION DE EDICION [NR] | |
| Mención de edición [NR] | 4a. Ed |
| 260 ## - PUBLICACION, DISTRIBUCION, ETC. (PIE DE IMPRENTA) [R] | |
| Lugar de publicación, distribución, etc. [R] | Bogotá (Colombia) |
| Nombre del editor, distribuidor, etc. [R] | Kimpres Ltda. |
| Fecha de publicación, distribución, etc. [R] | 2022 |
| 300 ## - DESCRIPCION FISICA [R] | |
| Extensión [R] | 274 Páginas |
| 504 ## - NOTA DE BIBLIOGRAFIA, ETC. [R] | |
| Nota de bibliografía, etc. [NR] | Incluye referencias bibliográficas |
| 650 14 - ASIENTO SECUNDARIO DE MATERIA - TERMINO TEMATICO [R] | |
| Término temático o nombre geográfico como elemento de entrada [NR] | Psiquiatría |
| 9 (RLIN) | 8004 |
| 650 14 - ASIENTO SECUNDARIO DE MATERIA - TERMINO TEMATICO [R] | |
| Término temático o nombre geográfico como elemento de entrada [NR] | Psicopatología |
| 9 (RLIN) | 22865 |
| 650 14 - ASIENTO SECUNDARIO DE MATERIA - TERMINO TEMATICO [R] | |
| Término temático o nombre geográfico como elemento de entrada [NR] | Salud mental |
| 9 (RLIN) | 23947 |
| 650 14 - ASIENTO SECUNDARIO DE MATERIA - TERMINO TEMATICO [R] | |
| Término temático o nombre geográfico como elemento de entrada [NR] | Enfermedades mentales |
| 9 (RLIN) | 14424 |
| 650 14 - ASIENTO SECUNDARIO DE MATERIA - TERMINO TEMATICO [R] | |
| Término temático o nombre geográfico como elemento de entrada [NR] | Trastornos mentales |
| 9 (RLIN) | 25786 |
| 650 14 - ASIENTO SECUNDARIO DE MATERIA - TERMINO TEMATICO [R] | |
| Término temático o nombre geográfico como elemento de entrada [NR] | Trastornos de la personalidad |
| 9 (RLIN) | 25760 |
| 650 14 - ASIENTO SECUNDARIO DE MATERIA - TERMINO TEMATICO [R] | |
| Término temático o nombre geográfico como elemento de entrada [NR] | Esquizofrenia |
| 9 (RLIN) | 14962 |
| 650 14 - ASIENTO SECUNDARIO DE MATERIA - TERMINO TEMATICO [R] | |
| Término temático o nombre geográfico como elemento de entrada [NR] | Conducta (Psicología) |
| 9 (RLIN) | 11512 |
| 650 14 - ASIENTO SECUNDARIO DE MATERIA - TERMINO TEMATICO [R] | |
| Término temático o nombre geográfico como elemento de entrada [NR] | Conductismo (Psicología) |
| 9 (RLIN) | 11546 |
| 650 14 - ASIENTO SECUNDARIO DE MATERIA - TERMINO TEMATICO [R] | |
| Término temático o nombre geográfico como elemento de entrada [NR] | Psicología -- Diagnóstico |
| 9 (RLIN) | 183801 |
| 650 14 - ASIENTO SECUNDARIO DE MATERIA - TERMINO TEMATICO [R] | |
| Término temático o nombre geográfico como elemento de entrada [NR] | Semiología |
| 9 (RLIN) | 24178 |
| 650 14 - ASIENTO SECUNDARIO DE MATERIA - TERMINO TEMATICO [R] | |
| Término temático o nombre geográfico como elemento de entrada [NR] | Mente y cuerpo |
| 9 (RLIN) | 19302 |
| 650 14 - ASIENTO SECUNDARIO DE MATERIA - TERMINO TEMATICO [R] | |
| Término temático o nombre geográfico como elemento de entrada [NR] | Afecto (Psicología) |
| 9 (RLIN) | 8665 |
| 650 14 - ASIENTO SECUNDARIO DE MATERIA - TERMINO TEMATICO [R] | |
| Término temático o nombre geográfico como elemento de entrada [NR] | Desarrollo de la inteligencia |
| 9 (RLIN) | 12941 |
| 650 14 - ASIENTO SECUNDARIO DE MATERIA - TERMINO TEMATICO [R] | |
| Término temático o nombre geográfico como elemento de entrada [NR] | Percepción |
| 9 (RLIN) | 327 |
| 942 ## - ELEMENTOS DE ENTRADA AGREGADOS (KOHA) | |
| Tipo de ítem principal el descrito en 300a | Libro |
| Tema principal | Medicina |
| Edición | 4 |
| Parte restante de la signatura top. | F465s |
| Sistema de clasificación | NLM |
| Clasificación | WB 143 |
| Título oculto en OPAC | No |
| Fecha de último préstamo | Total préstamos | Total Renewals | Signatura topográfica | Código de barras | Última vez visto | Volúmen / Fascículo | Ejemplar | Price effective from | Tipo de ítem | Perdido | Sistema de clasificación | Dañado | No prestable | Tipo de ítem específico | Suprimido | Ubicación habitual | Ubicación actual | Localización | Fecha de creación | Forma de adquisición | Costo | Prestado |
|---|---|---|---|---|---|---|---|---|---|---|---|---|---|---|---|---|---|---|---|---|---|---|
| 01/12/2025 | 43 | 26 | WB 143 F465s | 200018463 | 12/12/2025 | 2a. Ed. | Ej.2 | 03/02/2013 | Libro | NLM | Libro | Hospital Universitario Mayor | Hospital Universitario Mayor | 9no piso | 28/02/2013 | Donación | 26000.00 | |||||
| 12/05/2026 | 148 | 85 | WB 143 F465s | 200020460 | 29/05/2026 | 2a. Ed. | Ej.4 | 03/02/2013 | Libro | NLM | Libro | Quinta de Mutis | Quinta de Mutis | 1er piso | 28/02/2013 | Compra | 47500.00 | |||||
| 19/05/2026 | 162 | 92 | WB 143 F465s | 200020461 | 29/05/2026 | 2a. Ed. | Ej.5 | 03/02/2013 | Libro | NLM | Libro | Quinta de Mutis | Quinta de Mutis | 1er piso | 28/02/2013 | Compra | 47500.00 | |||||
| 28/04/2026 | 136 | 71 | WB 143 F465s | 200020459 | 23/05/2026 | 2a. Ed. | Ej.3 | 03/02/2013 | Libro | NLM | Libro | Quinta de Mutis | Quinta de Mutis | 1er piso | 28/02/2013 | Compra | 47500.00 | |||||
| 09/05/2024 | 47 | WB 143 F465s | 200017932 | 20/05/2026 | 2a. Ed. | Ej.1 | 03/02/2013 | Libro de reserva | NLM | Libro de reserva | Quinta de Mutis | Quinta de Mutis | 1er piso | 28/02/2013 | Donación | 26000.00 | ||||||
| 06/05/2026 | 5 | 2 | WB 143 F465s | 100173428 | 13/05/2026 | 4a.Ed. | Ej.1 | 19/11/2024 | Libro | NLM | Libro | Quinta de Mutis | Quinta de Mutis | 1er piso | 19/11/2024 | Compra | 150000.00 | |||||
| 06/05/2026 | 6 | 3 | WB 143 F465s | 100173429 | 06/05/2026 | 4a.Ed. | Ej.2 | 19/11/2024 | Libro | NLM | Libro | Quinta de Mutis | Quinta de Mutis | 1er piso | 19/11/2024 | Compra | 150000.00 | 04/07/2026 |